| 000 | 00438nam a2200169Ia 4500 | ||
|---|---|---|---|
| 008 | 131103s9999 xx 000 0 und d | ||
| 040 | _aLoreto College | ||
| 041 | _aEnglish | ||
| 082 |
_a920/BAR _bLCLIB/ |
||
| 100 | _aBaring, Maurice | ||
| 245 | 4 |
_aThe puppet show of memory _cMaurice Baring |
|
| 260 |
_aLondon _bWillam heinemann _c1930 |
||
| 300 |
_a317p. _c 24cm. |
||
| 650 | _aBiography | ||
| 850 | _aLCLIB/920/BAR | ||
| 942 | _cBK | ||
| 999 |
_c25045 _d75524 |
||